Love story
সংরক্ষণ করুন:
| প্রধান লেখক: | |
|---|---|
| বিন্যাস: | গ্রন্থ |
| ভাষা: | স্প্যানিশ |
| প্রকাশিত: |
Bogotá
Oveja Negra
1984
|
| মালা: | Best-Sellers, 2
|
| বিষয়গুলি: | |
| ট্যাগগুলো: |
ট্যাগ যুক্ত করুন
কোনো ট্যাগ নেই, প্রথমজন হিসাবে ট্যাগ করুন!
|
MARC
| LEADER | 00000nam a2200000 a 4500 | ||
|---|---|---|---|
| 001 | UCZ0157 | ||
| 003 | CL-VaPUC | ||
| 008 | 950724e19840000CK |||||||||||||||||spa|d | ||
| 082 | 0 | 4 | |a 813 |b SEG |2 21 |
| 100 | 0 | |a Segal, Erich |e author |9 342801 | |
| 245 | 1 | 0 | |a Love story |
| 300 | |a 157 p | ||
| 942 | |c BK | ||
| 945 | |d 19950724 00:00:00 |a lriquelm | ||
| 260 | |a Bogotá |b Oveja Negra |c 1984 | ||
| 650 | 0 | |a Novelas estadounidenses |9 265217 | |
| 650 | 0 | |a Literatura estadounidense |9 317168 | |
| 650 | 7 | |a HISTORIA DE AMOR |2 CL-VaPUC |9 342802 | |
| 650 | 0 | |a Formas y géneros literarios |9 324031 | |
| 583 | |a last modification |c 19950724 00:00:00 |k Rodrigo Vera | ||
| 490 | 0 | |a Best-Sellers, 2 | |
| 999 | |c 237122 |d 237120 | ||
| 952 | |0 0 |1 0 |4 0 |6 813_000000000000000_SEG_1984 |7 0 |8 A |9 245920 |a BIBEDU |b BIBEDU |d 2019-11-18 |i 1534599 |o 813 SEG 1984 |p 1534599 |r 2019-11-18 |w 2019-11-18 |y BK |k EDU | ||